[Event "Druga liga CS Zapad - 2017"]
[Site "Kragujevac-H"]
[Date "2017.10.05"]
[Round "6.5"]
[White "Mijatovic, Dusan **"]
[Black "Micic, Aleksa **"]
[Result "1-0"]
[WhiteElo "1962"]
[BlackElo "1549"]
[PlyCount "65"]
[EventDate "2017.09.08"]

1. e4 c5 2. Nf3 d6 3. d4 cxd4 4. Qxd4 Nc6 5. Bb5 e6 6. Nc3 a6 7. Bxc6+ bxc6 8.
Bg5 Qc7 9. O-O-O e5 10. Qe3 Be6 11. Kb1 f6 12. Bh4 Be7 13. Rhe1 Nh6 14. h3 Rb8
15. Ng1 Qb7 16. b3 Bd8 17. Rxd6 Bf7 18. Red1 a5 19. Qc5 O-O 20. Qxc6 Qxc6 21.
Rxc6 Bg6 22. f3 f5 23. Bxd8 Rfxd8 24. Rcd6 Rxd6 25. Rxd6 fxe4 26. fxe4 Rf8 27.
Nf3 Re8 28. Rd5 Nf7 29. Rxa5 Rc8 30. Nd5 Kf8 31. Nb6 Rc7 32. Ra8+ Ke7 33. Nd5+
1-0

[Event "Druga liga CS Zapad - 2017"]
[Site "Kragujevac-H"]
[Date "2017.10.05"]
[Round "?"]
[White "Aleksic, Milan"]
[Black "Irizanin, Radoje"]
[Result "1/2-1/2"]
[WhiteElo "2244"]
[BlackElo "2366"]
[PlyCount "77"]
[EventDate "2017.09.08"]

1. e4 Nf6 2. e5 Nd5 3. d4 d6 4. Nf3 dxe5 5. Nxe5 c6 6. Bd3 Nd7 7. Nxd7 Bxd7 8.
O-O g6 9. c4 Nf6 10. Nc3 Bg7 11. Re1 O-O 12. Qb3 Bc8 13. Ne2 e5 14. dxe5 Ng4
15. Bf4 Nxe5 16. Rad1 Nxd3 17. Rxd3 Qb6 18. Be3 Qxb3 19. Rxb3 Re8 20. Rd1 Bg4
21. Rd2 Rad8 22. Rxd8 Rxd8 23. f3 Bc8 24. Bxa7 Rd1+ 25. Kf2 Rd2 26. Ke1 Rc2 27.
Rd3 Bf6 28. Bd4 Kg7 29. Rd2 Rxc4 30. Bxf6+ Kxf6 31. Nc3 Ke7 32. Kf2 h6 33. g3
Be6 34. a3 g5 35. Ke3 b5 36. Rd4 Rc5 37. f4 gxf4+ 38. Rxf4 Rh5 39. Rf2 1/2-1/2

[Event "Druga liga CS Zapad - 2017"]
[Site "Kragujevac-H"]
[Date "2017.10.05"]
[Round "?"]
[White "Mirkovic, Stevan"]
[Black "Markovic, Sasa"]
[Result "1/2-1/2"]
[WhiteElo "2302"]
[BlackElo "2158"]
[PlyCount "101"]
[EventDate "2017.09.08"]

1. Nf3 Nf6 2. c4 e6 3. Nc3 b6 4. e4 Bb7 5. e5 Ne4 6. Nxe4 Bxe4 7. Be2 Be7 8. d3
Bb7 9. Bf4 O-O 10. O-O d6 11. d4 Nd7 12. Qc2 Re8 13. Rac1 Nf8 14. Rfd1 Ng6 15.
Bg3 Qc8 16. a3 Rd8 17. h4 c5 18. h5 Nf8 19. dxc5 dxc5 20. Rxd8 Qxd8 21. Rd1 Qc7
22. Nd2 Rd8 23. Ne4 Rxd1+ 24. Bxd1 Bxe4 25. Qxe4 Qc8 26. Bc2 Bg5 27. f4 Bd8 28.
Bf2 f5 29. Qf3 Kh8 30. g4 g6 31. Qh3 Kg7 32. Ba4 Be7 33. Qf3 Bd8 34. Qg2 Kh8
35. Qh3 Kg7 36. Bh4 Qc7 37. gxf5 Bxh4 38. Qxh4 gxf5 39. Be8 Kg8 40. Kf2 h6 41.
Kf1 Nh7 42. Bg6 Qd7 43. Ke2 Qb7 44. Kd1 Qf3+ 45. Kd2 Qg2+ 46. Kc3 Qf3+ 47. Kc2
Qe2+ 48. Kb1 Qd3+ 49. Ka1 Qf1+ 50. Ka2 Qxc4+ 51. Ka1 1/2-1/2

[Event "Druga liga CS Zapad - 2017"]
[Site "Kragujevac-H"]
[Date "2017.10.05"]
[Round "?"]
[White "Jovanovic, Milovan"]
[Black "Gavrilovic, Leonardo"]
[Result "0-1"]
[WhiteElo "2150"]
[BlackElo "2227"]
[PlyCount "50"]
[EventDate "2017.09.08"]

1. d4 Nf6 2. Nf3 c5 3. d5 b5 4. a4 Bb7 5. axb5 Bxd5 6. e3 e6 7. c4 Bb7 8. Nc3
d5 9. cxd5 exd5 10. Be2 Bd6 11. O-O O-O 12. b3 Re8 13. Bb2 Nbd7 14. h3 Qe7 15.
Re1 Bc7 16. Bf1 Qd6 17. Ne2 Ne4 18. g3 d4 19. Bc1 g5 20. Bg2 d3 21. Ned4 cxd4
22. Nxd4 Nxf2 23. Nf5 Qf6 24. Qd2 Bxg2 25. Qxf2 Bxh3 0-1

[Event "Druga liga CS Zapad - 2017"]
[Site "Kragujevac-H"]
[Date "2017.10.05"]
[Round "?"]
[White "Djokovic, Ivan"]
[Black "Radosavljevic, Slobodan S"]
[Result "1/2-1/2"]
[WhiteElo "2070"]
[BlackElo "2114"]
[PlyCount "102"]
[EventDate "2017.09.08"]

1. e4 e5 2. Nf3 Nc6 3. Bb5 a6 4. Ba4 Nf6 5. O-O b5 6. Bb3 Be7 7. Re1 d6 8. h3
O-O 9. c3 Bb7 10. d3 Na5 11. Bc2 c5 12. Nbd2 Nd7 13. Nf1 f5 14. Ng3 f4 15. Nf5
g6 16. Nxe7+ Qxe7 17. b4 Nc6 18. Rb1 cxb4 19. cxb4 Rac8 20. Bb3+ Kg7 21. a3 Nd4
22. Nxd4 exd4 23. Bb2 f3 24. Bxd4+ Ne5 25. g3 h5 26. Re3 Qf6 27. Qd2 Kh7 28.
Bd1 Qg5 29. Bxe5 dxe5 30. Qe1 Rc7 31. Rxf3 Rxf3 32. Bxf3 Rc2 33. Qe3 Qxe3 34.
fxe3 Rc3 35. Be2 Bc8 36. g4 hxg4 37. hxg4 Kh6 38. Ra1 Kg5 39. Kf2 Rc2 40. Rg1
Ra2 41. d4 exd4 42. exd4 Kf4 43. e5 Ke4 44. Rg3 Kxd4 45. Re3 Be6 46. Rd3+ Kxe5
47. Re3+ Kd6 48. Kg3 g5 49. Bf3 Rc2 50. Rd3+ Ke5 51. Re3+ Kd6 1/2-1/2

[Event "Druga liga CS Zapad - 2017"]
[Site "Kragujevac-H"]
[Date "2017.10.05"]
[Round "?"]
[White "Markovic, Aleksandar **"]
[Black "Milentijevic, Vojislav"]
[Result "1-0"]
[WhiteElo "2164"]
[BlackElo "1978"]
[PlyCount "59"]
[EventDate "2017.09.08"]

1. e4 e6 2. d4 d5 3. Nc3 Bb4 4. e5 c5 5. Qg4 Ne7 6. dxc5 Nbc6 7. Bd2 O-O 8.
O-O-O Qa5 9. Bd3 Nxe5 10. Bxh7+ Kxh7 11. Qh5+ Kg8 12. Qxe5 f6 13. Qh5 e5 14. f4
d4 15. Nb1 Bxd2+ 16. Rxd2 Bf5 17. fxe5 fxe5 18. Nf3 Qxc5 19. Re1 Nc6 20. g4
Bxc2 21. Rxc2 Qa5 22. Nbd2 Rxf3 23. Nxf3 Nb4 24. Rxe5 Nd3+ 25. Kb1 Nxe5 26.
Qxe5 Qxe5 27. Nxe5 Re8 28. Re2 g5 29. Kc2 Kg7 30. Kd3 1-0

[Event "Druga liga CS Zapad - 2017"]
[Site "Kragujevac-H"]
[Date "2017.10.05"]
[Round "?"]
[White "Brzakovic, Milos *"]
[Black "Andjelic, Stevan"]
[Result "0-1"]
[WhiteElo "1721"]
[BlackElo "2112"]
[PlyCount "63"]
[EventDate "2017.09.08"]

1. e4 Nf6 2. Nc3 d5 3. e5 Nfd7 4. d4 e6 5. f4 c5 6. Nf3 Nc6 7. Be3 cxd4 8. Nxd4
Bc5 9. Qd2 a6 10. Be2 Nxd4 11. Bxd4 Bxd4 12. Qxd4 Qb6 13. O-O-O Qxd4 14. Rxd4
O-O 15. g4 g5 16. fxg5 Nxe5 17. Rf1 Bd7 18. h4 Bc6 19. h5 Rad8 20. Rf6 Nd7 21.
Rh6 Ne5 22. Rf4 Kg7 23. Nd1 Bb5 24. Bxb5 axb5 25. Nc3 Rc8 26. Rhf6 Rc4 27. Kd1
Nd7 28. Nxb5 Nxf6 29. gxf6+ Kh6 30. Nd4 Kg5 31. b3 Kxf4 32. bxc4 0-1

[Event "Druga liga CS Zapad - 2017"]
[Site "Kragujevac-H"]
[Date "2017.10.05"]
[Round "?"]
[White "Kozaicevski, Fedja **"]
[Black "Stevanovic, Dalibor **"]
[Result "1-0"]
[WhiteElo "1927"]
[BlackElo "1653"]
[PlyCount "99"]
[EventDate "2017.09.08"]

1. e4 e5 2. Nf3 d6 3. d4 exd4 4. Nxd4 Nf6 5. Nc3 h6 6. Bc4 Be7 7. f3 c6 8. Be3
O-O 9. Qd2 a6 10. a4 d5 11. exd5 Nxd5 12. Bxd5 cxd5 13. O-O-O Be6 14. Nb3 Bb4
15. Qd4 Nc6 16. Qd3 Bxc3 17. Qxc3 Rc8 18. a5 Nb8 19. Qb4 Bf5 20. Rd2 Re8 21.
Bc5 Nd7 22. Rxd5 Qg5+ 23. Qd2 Qxd2+ 24. Kxd2 Be6 25. Rxd7 Bxd7 26. Bd4 Bf5 27.
c3 Re7 28. Re1 Rxe1 29. Kxe1 Re8+ 30. Kd2 Be6 31. Nc5 Bc4 32. Be3 Rd8+ 33. Bd4
Re8 34. Be3 g5 35. Nxb7 Rb8 36. Nd6 Bf1 37. b4 Bxg2 38. Ke2 Bh3 39. Bc5 Be6 40.
Ke3 Kg7 41. c4 Bd7 42. Bb6 f5 43. b5 axb5 44. cxb5 Be6 45. Kd4 Kf6 46. Bc7 Ra8
47. b6 Bc8 48. Nxc8 Rxa5 49. b7 Rb5 50. Nb6 1-0